The geology of the Milton quadrangle, Vermont, (Record no. 29899)
[ view plain ]
| 000 -LEADER | |
|---|---|
| fixed length control field | 00956cam a22002651 4500 |
| 001 - CONTROL NUMBER | |
| control field | gs 64000330 |
| 003 - CONTROL NUMBER IDENTIFIER | |
| control field | DLC |
| 005 - DATE AND TIME OF LATEST TRANSACTION | |
| control field | 20260227111415.0 |
| 008 - FIXED-LENGTH DATA ELEMENTS--GENERAL INFORMATION | |
| fixed length control field | 760622s1964 xx 000 0 eng |
| 010 ## - LIBRARY OF CONGRESS CONTROL NUMBER | |
| LC control number | gs 64000330 |
| 035 ## - SYSTEM CONTROL NUMBER | |
| System control number | (OCoLC)2273014 |
| 040 ## - CATALOGING SOURCE | |
| Original cataloging agency | DLC |
| Transcribing agency | MeU-P |
| Modifying agency | DLC |
| 042 ## - AUTHENTICATION CODE | |
| Authentication code | premarc |
| 050 00 - LIBRARY OF CONGRESS CALL NUMBER | |
| Classification number | QE171 |
| Item number | .A3 no. 26 |
| 100 1# - MAIN ENTRY--PERSONAL NAME | |
| Personal name | Stone, Solon Wallingford, |
| Dates associated with a name | 1916- |
| 245 14 - TITLE STATEMENT | |
| Title | The geology of the Milton quadrangle, Vermont, |
| Statement of responsibility, etc. | by Solon W. Stone and John G. Dennis. |
| 260 ## - PUBLICATION, DISTRIBUTION, ETC. | |
| Place of publication, distribution, etc. | Montpelier, |
| Name of publisher, distributor, etc. | Vermont Development Dept., |
| Date of publication, distribution, etc. | 1964. |
| 300 ## - PHYSICAL DESCRIPTION | |
| Extent | 79 p. |
| Other physical details | illus., maps (1 fold. col. in pocket) diagrs., tables. |
| Dimensions | 23 cm. |
| 490 1# - SERIES STATEMENT | |
| Series statement | Vermont. Geological survey. Bulletin |
| Volume/sequential designation | no. 26 |
| 504 ## - BIBLIOGRAPHY, ETC. NOTE | |
| Bibliography, etc. note | Bibliography: p. 76-79. |
| 650 #0 - SUBJECT ADDED ENTRY--TOPICAL TERM | |
| Topical term or geographic name entry element | Geology |
| Geographic subdivision | Vermont |
| -- | Milton quadrangle. |
| 700 1# - ADDED ENTRY--PERSONAL NAME | |
| Personal name | Dennis, John G. |
| Fuller form of name | (John Gordon), |
| Dates associated with a name | 1920- |
| Relator term | jt. auth. |
| 740 0# - ADDED ENTRY--UNCONTROLLED RELATED/ANALYTICAL TITLE | |
| Uncontrolled related/analytical title | Milton quadrangle, Vermont. |
| 810 1# - SERIES ADDED ENTRY--CORPORATE NAME | |
| Corporate name or jurisdiction name as entry element | Vermont. |
| Subordinate unit | State Geologist. |
| Title of a work | Bulletin ; |
| Volume/sequential designation | no. 26. |
No items available.